[Event "EU-ch rapid (Women)"]
[Site "Gaziantep"]
[Date "2012.03.15"]
[Round "2"]
[White "Gvetadze, Sofio"]
[Black "Kosteniuk, Alexandra"]
[Result "0-1"]
[WhiteElo "2334"]
[BlackElo "2448"]
[PlyCount "150"]
[EventDate "2012.03.15"]
[EventType "swiss (rapid)"]
[EventRounds "11"]
[EventCountry "TUR"]
[SourceTitle "CBM 147 Extra"]
[Source "ChessBase"]
[SourceDate "2012.04.24"]
[SourceVersion "1"]
[SourceVersionDate "2012.04.24"]
[SourceQuality "1"]

1. g3 d5 2. Bg2 c6 3. Nf3 Bg4 4. O-O Nd7 5. d3 e5 6. h3 Bh5 7. c4 d4 8. Na3 Bd6
9. Nc2 Ne7 10. Rb1 a5 11. b3 f6 12. a3 O-O 13. e3 dxe3 14. Nxe3 Nc5 15. b4 axb4
16. axb4 Ne6 17. Qb3 Bc7 18. Bb2 Qd7 19. h4 Kh8 20. Rfe1 Rad8 21. Rbd1 Bb6 22.
c5 Bc7 23. Rd2 Nd5 24. Nh2 Bf7 25. Nc4 Nd4 26. Bxd4 exd4 27. Nf3 Nc3 28. Rc2
Rfe8 29. Rxe8+ Rxe8 30. Qb2 Bg6 31. Nd6 Bxd6 32. cxd6 Qxd6 33. Nxd4 Re1+ 34.
Kh2 Na4 35. Qa3 Qxd4 36. Qxa4 Qxd3 37. Rb2 Qd4 38. Ra2 Re8 39. b5 Qxa4 40. Rxa4
cxb5 41. Rb4 Bd3 42. Bxb7 Rb8 43. Bd5 Rd8 44. Bc6 g6 45. Kg2 Kg7 46. Be4 Bc4
47. Bf3 f5 48. Rb1 Rb8 49. Rb4 Kf6 50. Bd1 Ke5 51. Kf3 Kd4 52. Kf4 Kc3 53. Rb1
b4 54. Kg5 Bd3 55. Ra1 Rb7 56. Ra8 b3 57. Rc8+ Kd2 58. Bxb3 Rxb3 59. Rc7 Ke2
60. f4 Be4 61. Rxh7 Rxg3+ 62. Kf6 Kf3 63. Ke5 Rg4 64. h5 gxh5 65. Rxh5 Rxf4 66.
Rh3+ Kg4 67. Rh8 Rf1 68. Rg8+ Kf3 69. Rb8 Rd1 70. Rh8 Rd5+ 71. Kf6 Ra5 72. Kg5
f4+ 73. Kh4 Ke3 74. Rb8 f3 75. Rb3+ Bd3 0-1

[Event "EU-ch rapid (Women)"]
[Site "Gaziantep"]
[Date "2012.03.15"]
[Round "3"]
[White "Muzychuk, Anna"]
[Black "Kosteniuk, Alexandra"]
[Result "1/2-1/2"]
[WhiteElo "2583"]
[BlackElo "2448"]
[PlyCount "52"]
[EventDate "2012.03.15"]
[EventType "swiss (rapid)"]
[EventRounds "11"]
[EventCountry "TUR"]
[SourceTitle "CBM 147 Extra"]
[Source "ChessBase"]
[SourceDate "2012.04.24"]
[SourceVersion "1"]
[SourceVersionDate "2012.04.24"]
[SourceQuality "1"]

1. e4 c5 2. Nf3 Nc6 3. Nc3 d6 4. d4 cxd4 5. Nxd4 Nf6 6. Bg5 e6 7. Qd2 a6 8.
O-O-O Bd7 9. f4 b5 10. Nxc6 Bxc6 11. Qe1 Be7 12. e5 Nd5 13. Bxe7 Qxe7 14. Ne4
dxe5 15. fxe5 O-O 16. Bd3 Nb4 17. Nf6+ gxf6 18. Qh4 Nxd3+ 19. Rxd3 Kh8 20. Re1
Bxg2 21. Rd7 Qxd7 22. Qxf6+ Kg8 23. Re3 Rfd8 24. Rg3+ Kf8 25. Qh6+ Ke7 26. Qh4+
Kf8 1/2-1/2

[Event "EU-ch rapid (Women)"]
[Site "Gaziantep"]
[Date "2012.03.15"]
[Round "5"]
[White "Paehtz, Elisabeth"]
[Black "Kosteniuk, Alexandra"]
[Result "1/2-1/2"]
[WhiteElo "2459"]
[BlackElo "2448"]
[PlyCount "103"]
[EventDate "2012.03.15"]
[EventType "swiss (rapid)"]
[EventRounds "11"]
[EventCountry "TUR"]
[SourceTitle "CBM 147 Extra"]
[Source "ChessBase"]
[SourceDate "2012.04.24"]
[SourceVersion "1"]
[SourceVersionDate "2012.04.24"]
[SourceQuality "1"]

1. e4 e5 2. Nf3 Nc6 3. Bc4 Bc5 4. c3 Nf6 5. d3 O-O 6. O-O d5 7. exd5 Nxd5 8. h3
Bb6 9. Re1 f6 10. b4 Be6 11. a4 a5 12. b5 Nce7 13. Be3 Bxe3 14. fxe3 Qd7 15.
Qb3 Kh8 16. Nbd2 Rad8 17. Rad1 Nc8 18. Qc2 Nd6 19. Bb3 Ne7 20. c4 c5 21. bxc6
Nxc6 22. d4 Nb4 23. Qb1 e4 24. Nxe4 Bxc4 25. Nxd6 Bxb3 26. Qxb3 Qxd6 27. Rc1
Rc8 28. Nd2 Rc6 29. Rc4 Re8 30. Rxc6 Qxc6 31. Nc4 Qd5 32. Nd2 Qc6 33. Nc4 b6
34. Na3 h6 35. Nb5 Kh7 36. Qb1+ g6 37. Rc1 Qe6 38. Rc7+ Re7 39. Rxe7+ Qxe7 40.
e4 Qe6 41. d5 Qf7 42. Qf1 f5 43. d6 Na6 44. exf5 gxf5 45. Qe2 Nc5 46. Qe7 Kg6
47. Nc7 Qc4 48. Qe8+ Kf6 49. Qe7+ Kg6 50. Qe8+ Kf6 51. Qe7+ Kg6 52. Qe8+
1/2-1/2

[Event "EU-ch rapid (Women)"]
[Site "Gaziantep"]
[Date "2012.03.15"]
[Round "9"]
[White "Kosteniuk, Alexandra"]
[Black "Kosintseva, Nadezhda"]
[Result "1-0"]
[WhiteElo "2448"]
[BlackElo "2535"]
[PlyCount "152"]
[EventDate "2012.03.15"]
[EventType "swiss (rapid)"]
[EventRounds "11"]
[EventCountry "TUR"]
[SourceTitle "CBM 147 Extra"]
[Source "ChessBase"]
[SourceDate "2012.04.24"]
[SourceVersion "1"]
[SourceVersionDate "2012.04.24"]
[SourceQuality "1"]

1. e4 c5 2. Nf3 Nc6 3. d4 cxd4 4. Nxd4 Nf6 5. Nc3 d6 6. Bg5 e6 7. Qd2 Qb6 8.
Bxf6 gxf6 9. Nb3 Bd7 10. Be2 h5 11. f4 Be7 12. O-O-O O-O-O 13. Rhf1 Rdg8 14. g3
Kb8 15. Kb1 Na5 16. f5 Rc8 17. Nxa5 Qxa5 18. Nb5 Qxd2 19. Rxd2 Bxb5 20. Bxb5
Rc5 21. Bd3 Kc7 22. Rf4 Re5 23. c3 d5 24. exd5 Rxd5 25. Kc2 exf5 26. Rdf2 Bc5
27. R2f3 Bd6 28. Rh4 f4 29. gxf4 Rg8 30. Rg3 Re8 31. Rg7 Re7 32. f5 Rd7 33. Rh3
Bxh2 34. Rh7 Bf4 35. R7xh5 Re7 36. R5h4 Bd6 37. Rh7 Bf4 38. Rf3 Bg5 39. b4 b6
40. a4 a5 41. Bc4 Rd2+ 42. Kb3 axb4 43. cxb4 Kd6 44. Rxf7 Rxf7 45. Bxf7 Rd4 46.
Bc4 Re4 47. Rd3+ Kc7 48. Rd1 Re3+ 49. Bd3 Bf4 50. Kc4 Kb7 51. Rh1 Re7 52. Rh8
Bd2 53. Rf8 Bg5 54. Rd8 Bf4 55. Rd4 Be5 56. Rg4 Rd7 57. Be4+ Kc7 58. Bd5 Bd6
59. Be6 Rh7 60. Kb5 Kb7 61. Bd5+ Ka7 62. Rg8 Bb8 63. Rf8 Rd7 64. Be6 Re7 65.
Rxf6 Be5 66. Rf8 Kb7 67. a5 bxa5 68. bxa5 Bg7 69. Rg8 Bd4 70. a6+ Kc7 71. Rc8+
Kd6 72. Rd8+ Ke5 73. Rxd4 Kxd4 74. Kb6 Ke5 75. a7 Re8 76. Bc8 Ke4 1-0

[Event "EU-ch rapid (Women)"]
[Site "Gaziantep"]
[Date "2012.03.15"]
[Round "10"]
[White "Muzychuk, Mariya"]
[Black "Kosteniuk, Alexandra"]
[Result "1/2-1/2"]
[WhiteElo "2490"]
[BlackElo "2448"]
[PlyCount "127"]
[EventDate "2012.03.15"]
[EventType "swiss (rapid)"]
[EventRounds "11"]
[EventCountry "TUR"]
[SourceTitle "CBM 147 Extra"]
[Source "ChessBase"]
[SourceDate "2012.04.24"]
[SourceVersion "1"]
[SourceVersionDate "2012.04.24"]
[SourceQuality "1"]

1. e4 c5 2. Nf3 Nc6 3. Bb5 Nf6 4. Nc3 g6 5. O-O Bg7 6. Re1 O-O 7. e5 Ng4 8.
Bxc6 dxc6 9. d3 Nh6 10. Bf4 Nf5 11. Ne4 Nd4 12. c3 Ne6 13. Be3 b6 14. Qd2 Re8
15. Bh6 Bh8 16. Rad1 Qc7 17. d4 cxd4 18. cxd4 Rd8 19. Qe3 Ng7 20. Qf4 Nf5 21.
Bg5 f6 22. exf6 Qxf4 23. Bxf4 exf6 24. Nc3 Kf7 25. d5 cxd5 26. Nxd5 Bb7 27. Nc7
Rac8 28. Nb5 a6 29. Nbd4 Nxd4 30. Nxd4 f5 31. Ne6 Rxd1 32. Ng5+ Kg8 33. Rxd1 h6
34. Ne6 g5 35. Be3 f4 36. Bxb6 Bd5 37. Nc5 Bxa2 38. b4 Bc4 39. Ba5 Re8 40. h3
Bc3 41. Rc1 Re1+ 42. Rxe1 Bxe1 43. Ne4 Kg7 44. g3 Kg6 45. gxf4 gxf4 46. f3 Bd5
47. Kg2 Kf5 48. Nc5 Bc4 49. Ne4 Ke6 50. Nc5+ Kd5 51. Nd7 Bb5 52. Nf6+ Kc4 53.
Ne4 Bc6 54. Bc7 Bxe4 55. fxe4 Bxb4 56. Bxf4 h5 57. Bc7 a5 58. Bxa5 Bxa5 59. e5
Kd5 60. Kg3 Be1+ 61. Kg2 Kxe5 62. h4 Kf4 63. Kh2 Kf3 64. Kh1 1/2-1/2

[Event "EU-ch rapid (Women)"]
[Site "Gaziantep"]
[Date "2012.03.15"]
[Round "11"]
[White "Kosteniuk, Alexandra"]
[Black "Bodnaruk, Anastasia"]
[Result "1-0"]
[WhiteElo "2448"]
[BlackElo "2412"]
[PlyCount "87"]
[EventDate "2012.03.15"]
[EventType "swiss (rapid)"]
[EventRounds "11"]
[EventCountry "TUR"]
[SourceTitle "CBM 147 Extra"]
[Source "ChessBase"]
[SourceDate "2012.04.24"]
[SourceVersion "1"]
[SourceVersionDate "2012.04.24"]
[SourceQuality "1"]

1. e4 c5 2. Nf3 d6 3. d4 cxd4 4. Nxd4 Nf6 5. Nc3 a6 6. Be2 e5 7. Nb3 Be7 8. O-O
O-O 9. a4 Be6 10. Bf3 Nbd7 11. a5 Rc8 12. Be3 Qc7 13. Re1 h6 14. Nd2 Nh7 15.
Nf1 Ng5 16. Bg4 Bxg4 17. Qxg4 Nf6 18. Qe2 Qc4 19. f3 Qxe2 20. Rxe2 Ne6 21. Rd2
Kh7 22. Bf2 g6 23. h4 Rfe8 24. Ra4 Nd7 25. Nd5 Bd8 26. Nfe3 Ndc5 27. Ra2 Nd4
28. b4 Nce6 29. c3 Nb5 30. Rd3 Kg7 31. g3 h5 32. Be1 Rc6 33. Kf1 Rc8 34. Rg2
Rh8 35. f4 Na3 36. f5 Nf8 37. f6+ Bxf6 38. Nb6 Ne6 39. c4 Nxc4 40. Nexc4 Rc6
41. Rxd6 Nd4 42. Rd7 g5 43. hxg5 Bxg5 44. Nxe5 1-0

[Event "Wch Blitz final (Women)"]
[Site "Batumi"]
[Date "2012.06.04"]
[Round "1"]
[White "Kosteniuk, Alexandra"]
[Black "Mammadova, Gulnar Marfat Qizi"]
[Result "1/2-1/2"]
[WhiteElo "2448"]
[BlackElo "2324"]
[PlyCount "110"]
[EventDate "2012.04.06"]
[EventType "swiss"]
[EventRounds "15"]
[EventCountry "GEO"]
[SourceTitle "EXT 2013"]
[Source "ChessBase"]
[SourceDate "2012.11.22"]
[SourceVersion "1"]
[SourceVersionDate "2012.11.22"]
[SourceQuality "1"]

1. e4 e6 2. d4 d5 3. Nc3 Bb4 4. a3 Bxc3+ 5. bxc3 dxe4 6. Qg4 Nf6 7. Qxg7 Rg8 8.
Qh6 c5 9. Ne2 cxd4 10. cxd4 Nc6 11. Bb2 Bd7 12. Ng3 Qa5+ 13. Qd2 Qxd2+ 14. Kxd2
Ne7 15. c4 Rg6 16. Re1 Bc6 17. Ne2 Ng4 18. Rg1 Nxf2 19. Nf4 Rg8 20. h3 Nf5 21.
g4 Nh4 22. Ke3 Nd3 23. Nxd3 exd3 24. Bxd3 Nf3 25. d5 Nxe1 26. Rxe1 exd5 27.
Bxh7 Kd7 28. Bxg8 Re8+ 29. Kf2 Rxg8 30. cxd5 Bxd5 31. Bf6 Be6 32. Re3 b5 33. g5
Rc8 34. h4 a5 35. h5 Rc4 36. Kg3 Rg4+ 37. Kf3 Rh4 38. g6 Rh3+ 39. Kf2 fxg6 40.
hxg6 Rxe3 41. Kxe3 b4 42. axb4 axb4 43. Kf4 b3 44. Kg5 Ke8 45. Kh6 Kd7 46. Bb2
Bc4 47. Kg5 Bd5 48. Kf6 Bc4 49. Kg7 Bd5 50. Kf6 Bc4 51. Ke5 Bg8 52. Ba3 Ke8 53.
Kd6 Bc4 54. Kc5 Bd3 55. Kb4 Bxg6 1/2-1/2

[Event "Wch Blitz final (Women)"]
[Site "Batumi"]
[Date "2012.06.04"]
[Round "2"]
[White "Janjgava, Natia"]
[Black "Kosteniuk, Alexandra"]
[Result "0-1"]
[WhiteElo "2306"]
[BlackElo "2448"]
[PlyCount "66"]
[EventDate "2012.04.06"]
[EventType "swiss"]
[EventRounds "15"]
[EventCountry "GEO"]
[SourceTitle "EXT 2013"]
[Source "ChessBase"]
[SourceDate "2012.11.22"]
[SourceVersion "1"]
[SourceVersionDate "2012.11.22"]
[SourceQuality "1"]

1. Nf3 Nf6 2. c4 e6 3. g3 d5 4. d4 dxc4 5. Bg2 a6 6. O-O Nc6 7. a4 Rb8 8. Bf4
Be7 9. a5 O-O 10. Qc2 Nd5 11. Qxc4 Nxf4 12. gxf4 Qd5 13. Qxd5 exd5 14. Nc3 Rd8
15. e3 f6 16. Nd2 Be6 17. Nb3 Nb4 18. Rfd1 h5 19. Bf3 h4 20. Kf1 Bf5 21. Ke2
Bc2 22. Nc5 Bxd1+ 23. Rxd1 Kf7 24. Rg1 g6 25. f5 Bxc5 26. fxg6+ Kg7 27. dxc5 d4
28. exd4 Rxd4 29. Nd1 Nc2 30. Rg4 Rxg4 31. Bxg4 Kxg6 32. Kd3 Nb4+ 33. Kc4 Nc6
0-1

[Event "Wch Blitz final (Women)"]
[Site "Batumi"]
[Date "2012.06.04"]
[Round "4"]
[White "Wang, Jue"]
[Black "Kosteniuk, Alexandra"]
[Result "0-1"]
[WhiteElo "2366"]
[BlackElo "2448"]
[PlyCount "114"]
[EventDate "2012.04.06"]
[EventType "swiss"]
[EventRounds "15"]
[EventCountry "GEO"]
[SourceTitle "EXT 2013"]
[Source "ChessBase"]
[SourceDate "2012.11.22"]
[SourceVersion "1"]
[SourceVersionDate "2012.11.22"]
[SourceQuality "1"]

1. e4 e5 2. Nf3 Nc6 3. Bb5 a6 4. Ba4 d6 5. O-O Bg4 6. h3 h5 7. Bxc6+ bxc6 8. d4
Bxf3 9. Qxf3 exd4 10. c3 Qf6 11. Qe2 Ne7 12. cxd4 Qxd4 13. Nc3 Ng6 14. Be3 Qf6
15. f4 Be7 16. Rad1 O-O 17. Qxh5 Qh4 18. Qf3 Bf6 19. Bd4 Rab8 20. b3 Rfe8 21.
Ne2 c5 22. Bf2 Qh7 23. Rd5 Nf8 24. Rh5 Qxe4 25. Qxe4 Rxe4 26. Re1 Rbe8 27. Kf1
c6 28. Rf5 Nd7 29. Ng3 Rxe1+ 30. Bxe1 g6 31. Rxf6 Nxf6 32. Ne2 d5 33. Nc1 c4
34. bxc4 dxc4 35. Ne2 Nd5 36. Bd2 c5 37. Kf2 Rb8 38. Bc1 c3 39. Ke1 Rb1 40. a3
a5 41. Kd1 Ne3+ 42. Ke1 f5 43. Kf2 Nc2 44. g4 Nd4 45. Nxc3 Rxc1 46. Nd5 Kf7 47.
g5 Nb5 48. Ke3 Nxa3 49. Kd2 Rh1 50. Kc3 Rxh3+ 51. Kb2 Nc4+ 52. Ka2 a4 53. Nf6
Rh2+ 54. Ka1 a3 55. Nd5 Na5 56. Nc3 Nb3+ 57. Kb1 Rb2# 0-1

[Event "Wch Blitz final (Women)"]
[Site "Batumi"]
[Date "2012.06.04"]
[Round "8"]
[White "Lomineishvili, Maia"]
[Black "Kosteniuk, Alexandra"]
[Result "1/2-1/2"]
[WhiteElo "2366"]
[BlackElo "2448"]
[PlyCount "129"]
[EventDate "2012.04.06"]
[EventType "swiss"]
[EventRounds "15"]
[EventCountry "GEO"]
[SourceTitle "EXT 2013"]
[Source "ChessBase"]
[SourceDate "2012.11.22"]
[SourceVersion "1"]
[SourceVersionDate "2012.11.22"]
[SourceQuality "1"]

1. d4 Nf6 2. Nf3 e6 3. e3 b6 4. c4 Bb7 5. Nc3 Bb4 6. Bd3 Ne4 7. Qc2 f5 8. O-O
Bxc3 9. bxc3 O-O 10. Ne1 Qh4 11. f3 Ng5 12. a4 Rf6 13. g3 Qh5 14. d5 exd5 15.
Bxf5 dxc4 16. e4 Na6 17. Qd2 Ne6 18. Qxd7 Nac5 19. Bxe6+ Nxe6 20. Be3 a6 21.
Ng2 Rd8 22. Qe7 Re8 23. Qd7 Rd8 24. Qe7 Qf7 25. Qxf7+ Rxf7 26. Nf4 Nxf4 27.
Bxf4 Rd3 28. Rac1 a5 29. Kg2 Bc6 30. Rfd1 Bxa4 31. Rxd3 cxd3 32. Kf2 Rd7 33.
Ke1 c5 34. Kd2 Bb3 35. c4 a4 36. Be5 Kf7 37. f4 g6 38. h4 Ke6 39. h5 g5 40. Bb2
Rd8 41. f5+ Kf7 42. e5 Ra8 43. Ba3 Re8 44. Re1 Bxc4 45. Bb2 b5 46. e6+ Bxe6 47.
fxe6+ Rxe6 48. Rxe6 Kxe6 49. Kxd3 Kf5 50. h6 Kg4 51. Bf6 a3 52. Kc3 Kh5 53. Bg7
Kg4 54. Bf6 Kh5 55. Bg7 Kg4 56. Bf6 Kh5 57. Bg7 Kg4 58. Bf6 Kh5 59. Bg7 Kg4 60.
Bf6 c4 61. Be7 Kh5 62. Bf8 Kg4 63. Be7 Kh5 64. Bf8 Kg4 65. Be7 1/2-1/2

[Event "Wch Blitz final (Women)"]
[Site "Batumi"]
[Date "2012.06.05"]
[Round "9"]
[White "Zhao, Xue"]
[Black "Kosteniuk, Alexandra"]
[Result "0-1"]
[WhiteElo "2543"]
[BlackElo "2448"]
[PlyCount "112"]
[EventDate "2012.04.06"]
[EventType "swiss"]
[EventRounds "15"]
[EventCountry "GEO"]
[SourceTitle "EXT 2013"]
[Source "ChessBase"]
[SourceDate "2012.11.22"]
[SourceVersion "1"]
[SourceVersionDate "2012.11.22"]
[SourceQuality "1"]

1. d4 Nf6 2. c4 e6 3. Nf3 b6 4. g3 Bb4+ 5. Bd2 Bxd2+ 6. Qxd2 Ba6 7. b3 c6 8.
Bg2 d5 9. Ne5 Nfd7 10. cxd5 Nxe5 11. dxe5 cxd5 12. O-O O-O 13. Nc3 Nc6 14. f4
Rc8 15. Rfd1 Qe7 16. Rac1 Rfd8 17. h3 h6 18. Kh2 Rc7 19. e4 d4 20. Nd5 exd5 21.
exd5 Nxe5 22. Rxc7 Qxc7 23. fxe5 Qxe5 24. Qxd4 Qxd4 25. Rxd4 Bb7 26. g4 Kf8 27.
Kg3 Ke7 28. Ra4 a5 29. Rd4 Kd6 30. Kf4 Re8 31. Rd2 Re5 32. Rc2 g5+ 33. Kg3 Bxd5
34. Bxd5 Rxd5 35. Rf2 Rd3+ 36. Kg2 Ke6 37. Re2+ Kf6 38. Rf2+ Kg6 39. Rc2 f6 40.
Re2 h5 41. gxh5+ Kxh5 42. Rf2 Kg6 43. Re2 b5 44. Rc2 b4 45. Rf2 f5 46. Re2 f4
47. Rc2 Rc3 48. Rd2 Rc5 49. Kf3 Kf5 50. Kg2 Re5 51. Rc2 Ke4 52. Kf2 Rd5 53.
Re2+ Kf5 54. Rc2 Rd3 55. Kg2 Rc3 56. Re2 f3+ 0-1

[Event "Wch Blitz final (Women)"]
[Site "Batumi"]
[Date "2012.06.05"]
[Round "10"]
[White "Kosteniuk, Alexandra"]
[Black "Huang, Qian"]
[Result "1-0"]
[WhiteElo "2448"]
[BlackElo "2399"]
[PlyCount "171"]
[EventDate "2012.04.06"]
[EventType "swiss"]
[EventRounds "15"]
[EventCountry "GEO"]
[SourceTitle "EXT 2013"]
[Source "ChessBase"]
[SourceDate "2012.11.22"]
[SourceVersion "1"]
[SourceVersionDate "2012.11.22"]
[SourceQuality "1"]

1. e4 d5 2. exd5 Qxd5 3. Nc3 Qd6 4. d4 c6 5. Nf3 Bg4 6. Be2 Nf6 7. h3 Bxf3 8.
Bxf3 e6 9. O-O g6 10. Bg5 Nbd7 11. Qd2 Bg7 12. Rad1 O-O 13. a4 a5 14. b3 Rfe8
15. Rfe1 Qb4 16. Nb1 Qxd2 17. Nxd2 Nd5 18. Nc4 Bf8 19. Bh4 Bb4 20. Rf1 N7b6 21.
Nxb6 Nxb6 22. c4 h6 23. Rd3 g5 24. Bg3 Rac8 25. h4 Be7 26. hxg5 hxg5 27. Re1
Bf6 28. Bd6 Red8 29. Be5 Be7 30. Be2 Nd7 31. Bg3 Nf6 32. Be5 Nd7 33. Bh2 Nf8
34. Red1 Ng6 35. Bh5 Nf4 36. Bxf4 gxf4 37. Bg4 Rd6 38. Kf1 Rcd8 39. Bf3 Kg7 40.
Ke2 Bf6 41. d5 cxd5 42. cxd5 exd5 43. Bxd5 b6 44. Kf3 Be5 45. Ke4 Re8 46. Kf3
Red8 47. R1d2 Kf6 48. Rd1 Kg7 49. Kg4 Kf6 50. g3 fxg3 51. f4 Bb2 52. Kxg3 Ba3
53. Kf3 Bc5 54. R1d2 Bb4 55. Rd1 Bc5 56. Be4 Rxd3+ 57. Bxd3 Rh8 58. Ke4 Rd8 59.
Kf3 Rh8 60. Bc4 Re8 61. Rd7 Re7 62. Rd8 Re3+ 63. Kg4 Re1 64. Rd5 Rg1+ 65. Kf3
Re1 66. Rd7 Re7 67. Rd3 Re1 68. Rd2 Re3+ 69. Kg4 Re1 70. Rh2 Rg1+ 71. Kf3 Re1
72. Rh6+ Kg7 73. Rh5 Kf6 74. Rh7 Re7 75. Kg4 Rd7 76. Rh6+ Kg7 77. Rc6 Rd8 78.
Rc7 Rf8 79. Kf5 Bb4 80. Rd7 Bc5 81. Kg5 Bb4 82. f5 Kh7 83. Bxf7 Kh8 84. Bg6 Rc8
85. f6 Rc1 86. Rd8+ 1-0

[Event "Wch Blitz final (Women)"]
[Site "Batumi"]
[Date "2012.06.05"]
[Round "11"]
[White "Kosteniuk, Alexandra"]
[Black "Muzychuk, Mariya"]
[Result "1-0"]
[WhiteElo "2448"]
[BlackElo "2490"]
[PlyCount "195"]
[EventDate "2012.04.06"]
[EventType "swiss"]
[EventRounds "15"]
[EventCountry "GEO"]
[SourceTitle "EXT 2013"]
[Source "ChessBase"]
[SourceDate "2012.11.22"]
[SourceVersion "1"]
[SourceVersionDate "2012.11.22"]
[SourceQuality "1"]

1. e4 c5 2. Nf3 e6 3. d4 cxd4 4. Nxd4 Nf6 5. Nc3 Nc6 6. Ndb5 Bc5 7. Bf4 O-O 8.
Bd6 Qb6 9. Bxc5 Qxc5 10. Qd6 Qb6 11. a4 Ne8 12. a5 Qd8 13. Qd2 a6 14. Nd6 Nxd6
15. Qxd6 Nxa5 16. f4 Nc6 17. O-O-O Qa5 18. Kb1 Qb4 19. Qxb4 Nxb4 20. Na4 b5 21.
Nb6 Ra7 22. c3 Nc6 23. Rd6 Rb7 24. Nxc8 Rxc8 25. Be2 Kf8 26. Rhd1 Ke7 27. e5 f6
28. Bf3 fxe5 29. fxe5 Rbc7 30. Bxc6 dxc6 31. Rf1 a5 32. Kc2 c5 33. Rb6 b4 34.
c4 Rd7 35. Ra6 Rcd8 36. Rf2 Rd4 37. Rxa5 Rxc4+ 38. Kb3 Re4 39. Rxc5 Rd3+ 40.
Ka4 b3+ 41. Ka3 Re1 42. Rc7+ Rd7 43. Rxd7+ Kxd7 44. Rf7+ Kc6 45. Rxg7 Rxe5 46.
Rxh7 Re2 47. Rg7 Re3 48. Rg3 Re5 49. Kxb3 Rh5 50. h3 e5 51. Kc3 Kd5 52. b4 e4
53. Rg8 Rh7 54. Rd8+ Ke5 55. Re8+ Kd5 56. b5 Rg7 57. b6 Rb7 58. Rd8+ Ke5 59.
Re8+ Kd5 60. Kd2 Rxb6 61. Ke3 Rb3+ 62. Kf4 Rb1 63. Rd8+ Ke6 64. Kxe4 Rb4+ 65.
Rd4 Rb2 66. Kf3 Ke5 67. Ra4 Rb3+ 68. Kg4 Rb2 69. g3 Rb3 70. h4 Kf6 71. Ra6+ Kg7
72. Re6 Rb4+ 73. Kf5 Rb5+ 74. Re5 Rb3 75. g4 Rf3+ 76. Kg5 Rb3 77. Re7+ Kf8 78.
Re5 Kf7 79. h5 Rb6 80. Ra5 Kg7 81. Ra7+ Kg8 82. h6 Rb5+ 83. Kg6 Rb6+ 84. Kh5
Rb5+ 85. g5 Rb1 86. Re7 Rb2 87. Rc7 Rb1 88. Rc8+ Kf7 89. g6+ Kf6 90. Rc6+ Kf5
91. Rc5+ Kf6 92. g7 Rh1+ 93. Kg4 Rg1+ 94. Kf4 Kf7 95. Rg5 Rf1+ 96. Ke3 Re1+ 97.
Kf2 Re8 98. h7 1-0

[Event "Wch Blitz final (Women)"]
[Site "Batumi"]
[Date "2012.06.05"]
[Round "12"]
[White "Gunina, Valentina"]
[Black "Kosteniuk, Alexandra"]
[Result "1/2-1/2"]
[WhiteElo "2511"]
[BlackElo "2448"]
[PlyCount "118"]
[EventDate "2012.04.06"]
[EventType "swiss"]
[EventRounds "15"]
[EventCountry "GEO"]
[SourceTitle "EXT 2013"]
[Source "ChessBase"]
[SourceDate "2012.11.22"]
[SourceVersion "1"]
[SourceVersionDate "2012.11.22"]
[SourceQuality "1"]

1. d4 Nf6 2. Nf3 e6 3. c4 b6 4. g3 Bb4+ 5. Bd2 Bxd2+ 6. Qxd2 Ba6 7. b3 c6 8.
Bg2 d5 9. Ne5 Nfd7 10. cxd5 Nxe5 11. dxe5 cxd5 12. O-O O-O 13. Nc3 Nc6 14. f4
Rc8 15. Rac1 Qe7 16. Kh1 Rfd8 17. Rfd1 Qa3 18. e3 Qa5 19. Qb2 Nb4 20. Qb1 Qa3
21. Bf1 Bxf1 22. Rxf1 Rc5 23. f5 Rdc8 24. fxe6 fxe6 25. Ne2 Qxa2 26. Rxc5 bxc5
27. Qxa2 Nxa2 28. Ra1 Nb4 29. Rxa7 c4 30. bxc4 dxc4 31. Ra3 Nd3 32. Rc3 Nxe5
33. Nd4 Kf7 34. Kg2 Rb8 35. Rc2 Rb1 36. Nf3 Ng4 37. Rc3 Rb3 38. Rc1 Rb2+ 39.
Kh3 Nxe3 40. Ne5+ Kf6 41. Nxc4 Nxc4 42. Rxc4 Rf2 43. Rc7 e5 44. Rc6+ Kf5 45.
Rc7 Kg6 46. Rc6+ Rf6 47. Rc4 Rf2 48. Rc6+ Kg5 49. Rc7 Kh6 50. Re7 Re2 51. Kg4
e4 52. Re6+ g6 53. h4 Re3 54. Re7 Re1 55. Kf4 Rf1+ 56. Kg4 Re1 57. Kf4 Rf1+ 58.
Kg4 Re1 59. Kf4 Rf1+ 1/2-1/2

[Event "Wch Blitz final (Women)"]
[Site "Batumi"]
[Date "2012.06.05"]
[Round "13"]
[White "Kosteniuk, Alexandra"]
[Black "Muzychuk, Anna"]
[Result "1-0"]
[WhiteElo "2448"]
[BlackElo "2583"]
[PlyCount "83"]
[EventDate "2012.04.06"]
[EventType "swiss"]
[EventRounds "15"]
[EventCountry "GEO"]
[SourceTitle "EXT 2013"]
[Source "ChessBase"]
[SourceDate "2012.11.22"]
[SourceVersion "1"]
[SourceVersionDate "2012.11.22"]
[SourceQuality "1"]

1. e4 c5 2. Nf3 e6 3. d4 cxd4 4. Nxd4 a6 5. Bd3 Bc5 6. Be3 d6 7. Nd2 Ne7 8. Qe2
e5 9. Nf5 Nxf5 10. Bxc5 dxc5 11. exf5 Nc6 12. c3 O-O 13. O-O-O b5 14. Be4 Bb7
15. Nb3 Qe7 16. f6 Qxf6 17. Nxc5 Ra7 18. Kb1 Rc8 19. Rd7 Ba8 20. Rhd1 Rxd7 21.
Nxd7 Qe6 22. Nb6 Rb8 23. Nxa8 Rxa8 24. Qf3 Rd8 25. Bxc6 Rxd1+ 26. Qxd1 g6 27.
Be4 Qc4 28. Qd3 Qc5 29. Qe3 Qd6 30. Kc1 Kg7 31. g3 h5 32. Bc2 a5 33. f4 exf4
34. gxf4 Qc6 35. Be4 Qe6 36. Qd4+ Kh7 37. Qd5 Qg4 38. Qxf7+ Kh6 39. Qxg6+ Qxg6
40. Bxg6 Kxg6 41. Kd2 Kf5 42. Ke3 1-0

[Event "Wch Blitz final (Women)"]
[Site "Batumi"]
[Date "2012.06.05"]
[Round "14"]
[White "Dzagnidze, Nana"]
[Black "Kosteniuk, Alexandra"]
[Result "1-0"]
[WhiteElo "2559"]
[BlackElo "2448"]
[PlyCount "88"]
[EventDate "2012.04.06"]
[EventType "swiss"]
[EventRounds "15"]
[EventCountry "GEO"]
[SourceTitle "EXT 2013"]
[Source "ChessBase"]
[SourceDate "2012.11.22"]
[SourceVersion "1"]
[SourceVersionDate "2012.11.22"]
[SourceQuality "1"]

1. Nf3 Nf6 2. g3 d5 3. Bg2 Nbd7 4. O-O e5 5. d3 c6 6. Nbd2 Bd6 7. e4 O-O 8.
exd5 cxd5 9. c4 Nc5 10. cxd5 Nxd5 11. Nc4 Bg4 12. h3 Bxf3 13. Qxf3 Nb4 14. Rd1
Nc2 15. Rb1 Bc7 16. b4 Nd4 17. Qh5 g6 18. Qh6 Na4 19. Re1 Nc3 20. Rb2 Qf6 21.
Bg5 Nf3+ 22. Bxf3 Qxf3 23. Nxe5 Bxe5 24. Rxe5 Rfe8 25. Re3 Qd1+ 26. Kg2 Rxe3
27. Bxe3 Qxd3 28. Rd2 Qe4+ 29. Kh2 Nb5 30. a4 Nc7 31. Rd4 Qe5 32. Rh4 Qg7 33.
Qg5 Ne6 34. Qd5 Qf8 35. Qxb7 a5 36. b5 Rd8 37. b6 h5 38. Qf3 Ng7 39. Bh6 Qe7
40. Bxg7 Kxg7 41. Rf4 Rb8 42. Qc3+ Kg8 43. Qxa5 Qd6 44. Qb4 Qxb6 1-0

[Event "Wch Blitz final (Women)"]
[Site "Batumi"]
[Date "2012.06.05"]
[Round "15"]
[White "Kosteniuk, Alexandra"]
[Black "Lagno, Kateryna"]
[Result "1-0"]
[WhiteElo "2448"]
[BlackElo "2545"]
[PlyCount "97"]
[EventDate "2012.04.06"]
[EventType "swiss"]
[EventRounds "15"]
[EventCountry "GEO"]
[SourceTitle "EXT 2013"]
[Source "ChessBase"]
[SourceDate "2012.11.22"]
[SourceVersion "1"]
[SourceVersionDate "2012.11.22"]
[SourceQuality "1"]

1. e4 e5 2. Nf3 Nc6 3. Bb5 a6 4. Ba4 d6 5. c3 Bd7 6. d4 g6 7. O-O Bg7 8. Re1 b5
9. Bb3 Nf6 10. Be3 Qe7 11. a4 O-O 12. Nbd2 Na5 13. Bc2 c5 14. dxc5 dxc5 15.
axb5 axb5 16. Rxa5 Rxa5 17. Nb3 Raa8 18. Bxc5 Qe6 19. Bxf8 Bxf8 20. h3 Bc6 21.
Nbd2 Bc5 22. Bb3 Qe7 23. Ng5 Rf8 24. Qe2 Nh5 25. Ngf3 Nf4 26. Qf1 Rd8 27. Bc2
Qe6 28. Nb3 Bb6 29. Rd1 Rxd1 30. Qxd1 Qe7 31. Nc1 Qa7 32. Nxe5 Bxf2+ 33. Kh1
Be8 34. Qd8 Kf8 35. Ng4 Qb6 36. Qd1 Nh5 37. Ne2 Qc7 38. Nxf2 b4 39. Ng4 Bb5 40.
Nd4 Ng3+ 41. Kg1 Ba6 42. Qd2 bxc3 43. bxc3 Qc4 44. Qh6+ Ke7 45. Qh4+ Kf8 46.
Qxg3 Qf1+ 47. Kh2 h5 48. Ne5 Qf6 49. Nd7+ 1-0